01432 2200301 4500001002100000005001500021035002000036007000300056008004100059020002200100082001200122084001800134100002600152245011600178250001700294300003800311650001500349650002700364700002800391700003100419700002600450520052700476264004401003336002101047337003001068338002301098990000901121INLIS00000000000290320251001090759 a0010-1025000006ta251001 g 0 ind  a978-623-7478-79-9 a375.001 a375.001 ASE b0 aAsep JihadePengarang1 aBetapa Mudah Membuat Modul Ajar /cAsep Jihad ; penyunting, Rian Irawan, Ayu Prameswary ; ilustrator, Drawlab19 aCetakan 2024 a135 halaman :bilustrasi ;c23 cm 4aModul ajar 4aPerangkat pembelajaran0 aRian IrawanePenyunting0 aAyu PrameswaryePenyunting0 aDrawlab19eIlustrator aBuku ini merupakan panduan praktis bagi guru dalam menyusun modul ajar yang efektif, sesuai dengan prinsip Kurikulum Merdeka. Asep Jihad menyajikan langkah-langkah sistematis, contoh nyata, dan tips aplikatif agar guru dapat merancang pembelajaran yang kontekstual, fleksibel, dan berorientasi pada capaian pembelajaran. Ditulis dengan bahasa yang lugas dan mudah dipahami, buku ini sangat membantu guru pemula maupun berpengalaman dalam menyusun perangkat ajar yang berdampak langsung pada kualitas pembelajaran di kelas. aJakarta :bEsensi Erlangga Group,c2024 2rdacontentateks 2rdamediaatanpa perantara 2rdacarrieravolume a7373